Statistics for 500 Flags of the World #2

Click here to take the quiz!

General Stats

  • This quiz has been taken 90 times
  • The average score is 65 of 498

Answer Stats

Answer% Correct
Arkansas
53%
California
53%
Colorado
51%
Alaska
49%
Hawaii
49%
Idaho
49%
Iowa
49%
Kansas
49%
Abkhazia
47%
Arizona
47%
Illinois
47%
South Ossetia
47%
Texas
47%
American Samoa
45%
Montana
45%
North Dakota
45%
Oklahoma
45%
Oregon (obverse/front)
45%
Puerto Rico
45%
Washington
45%
Artsakh (Nagorno-Karabakh)
43%
Florida
43%
Guam
43%
Indiana
43%
Kentucky
43%
Minnesota
43%
New Mexico
43%
Ohio
43%
South Carolina
43%
South Dakota
43%
Wake Island
43%
Delaware
42%
Macao
42%
Maine
42%
Maryland
42%
Nevada
42%
North Carolina
42%
U.S. Virgin Islands
42%
Afghanistan (Taliban)
40%
Connecticut
40%
Hong Kong
40%
Jeju Special Self-Governing Province
40%
Mississippi
40%
Missouri
40%
New Hampshire
40%
TIbet
40%
Utah
40%
Virginia
40%
Wisconsin
40%
Wyoming
40%
Alabama
38%
Johnston Atoll
38%
Nebraska
38%
New Jersey
38%
New York
38%
Northern Mariana Islands
38%
Palestine
38%
Tenessee
38%
Vermont
38%
Graham Bartram's Antarctica
36%
Louisiana
36%
Rhode Island
36%
Sahrawi Arab Democratic Republic
36%
Somaliland
36%
Jerusalem
34%
Michigan
34%
Taipei
34%
Adjara
30%
British India
30%
Evan Townsend's Antarctica
30%
Kyiv Oblast (not the city)
30%
Massachusetts
30%
Pennsylvania
30%
Qing Dynasty
30%
Republic of China
30%
South Africa
30%
Achaemenid Empire
28%
Damascus
28%
Government of Abkhazia
28%
South Vietnam
28%
Ankara
26%
Baku
26%
Greater Lebanon
26%
Joanne Cooper and Stefan Tucker’s Antarctica
26%
Kirovahrad Oblast
26%
Luhansk Oblast
26%
Lviv Oblast
26%
Mykolaiv Oblast
26%
Odesa Oblast
26%
Poltava Oblast
26%
Rivne Oblast
26%
Sumy Oblast
26%
Vollyn Oblast
26%
West Virginia
26%
Baghdad
25%
Darfur
25%
District of Columbia (Washington D.C.)
25%
Libya
25%
Mongol Empire
25%
Oman (Royal)
25%
Ternopil Oblast
25%
Vinnytsia Oblast
25%
Zakharpattia Oblast
25%
Zanzibar
25%
Zaporizhia Oblast
25%
Zhytomyr Oblast
25%
Balochistan
23%
Berber People
23%
Bougainville
23%
Hatay State
23%
Midway Atoll
23%
Oregon (reverse/back)
23%
Sassanian Empire
23%
Seoul
23%
Tokyo
23%
Turkmeneli (Iraqi Turkmen)
23%
Akita
21%
Amman
21%
Andaman and Nicobar Islands
21%
Astana
21%
Azad Kashmir
21%
Beirut
21%
Dave Hamilton's Antarctica
21%
Federally Administered Tribal Areas (FATA)
21%
Fujairah
21%
Gyumri
21%
Kabul
21%
Kingdom of Portugal
21%
Olivier Leroi's Antarctica
21%
Siam (Old Thailand)
21%
Sindh
21%
Tehran
21%
Western Armenia
21%
Abu Dhabi
19%
Ajman
19%
Bali
19%
Bishkek
19%
Jammu and Kashmir
19%
Manila
19%
Palmyra Atoll
19%
Parana
19%
Punjab
19%
Ras Al Khaimah/Sharjah
19%
Tierra Del Fuego Province
19%
Umm al-Qaiwain
19%
Amazonas
17%
Dakar
17%
Dushanbe (seal)
17%
Georgia (state)
17%
Hokkaido
17%
Imperial Japan
17%
Muscat
17%
Navassa Island
17%
New York (city)
17%
North-West Frontier Province
17%
Puntland
17%
Saga
17%
Abovyan
15%
Acre
15%
Aichi
15%
Amapa
15%
Aomori
15%
Baker Island
15%
Chiba
15%
Howland Island
15%
Jellyfish Warning in Israel
15%
Khyber Pakhtunkhwa
15%
Ladakh
15%
Lakshadweep
15%
Magallanes and Chilean Antarctica Region
15%
Ottoman Empire
15%
Perlis
15%
Almaty
13%
Bahia
13%
Baikonur
13%
Batken
13%
Cape Town
13%
Chuy
13%
Fukushima
13%
Issyk-Kul
13%
Jalal-Abad
13%
Jarvis Island
13%
Karakalpakstan
13%
Kingman Reef
13%
Panama City
13%
Papua
13%
Timurid Empire
13%
Ulaan baatar
13%
Addis Ababa
11%
Alagoas
11%
Ambazonia
11%
Anjouan
11%
Ashtarak
11%
Autonomous region in Muslim Mindanao
11%
Bangsamoro
11%
Chinese Empire
11%
Chuuk
11%
Dhaka
11%
East Turkestan
11%
Ehime
11%
Gilgit-Baltistan
11%
Jakarta
11%
Kagoshima
11%
Karaganda Region
11%
Kinshasa
11%
Managua
11%
Miyagi
11%
Sabah
11%
Sao Paulo
11%
Sejong Special Self-Governing City
11%
Tirana
11%
Whitney Smith's Antarctica
11%
Yerevan
11%
Accra
9%
Arica y Parinacota
9%
Asmara
9%
Bangkok
9%
Bissau
9%
Fukui
9%
Fukuoka
9%
Gifu
9%
Kochi
9%
Kotte
9%
Kuala Lumpur
9%
Kyoto
9%
Naryn
9%
North Hamyeong Province
9%
Osh
9%
Port Vila
9%
Talas
9%
Tbilisi
9%
Valparaiso
9%
Western Togoland
9%
Alexandria
8%
Belmopan
8%
Biobio
8%
Buenos Aires (city)
8%
Buenos Aires (province)
8%
Cabinda
8%
Cairo
8%
Chin State
8%
Federal Territories
8%
Funchal
8%
Hiroshima
8%
Hwanghae Province
8%
Kachin State
8%
Kayah State
8%
Kayin State
8%
Maule
8%
Mie
8%
Nagano
8%
North Pyeongan Province
8%
North Sumatra
8%
Okinawa
8%
Rakhine State
8%
Rio Grande do Sul
8%
Saitama
8%
Shan State
8%
South Hamyeong Province
8%
South Pyeongan Province
8%
Tao People
8%
Tashkent
8%
Terengganu
8%
Tripoli
8%
Uva
8%
Yap
8%
Aimeliik
6%
Al-Shabaab
6%
Angaur
6%
Antarctic Treaty System
6%
Antofagasta
6%
Buganda
6%
Ceara
6%
Crimean Tatars
6%
Grande Comore
6%
Guna Yala
6%
Gunma
6%
Harare
6%
Ibaraki
6%
Ishikawa
6%
Iwate
6%
Kagawa
6%
Kanagawa
6%
Kingdom of Benin
6%
Kosrae
6%
Labuan
6%
Miyazaki
6%
Moheli
6%
Mon State
6%
Nara
6%
Naypyidaw Union Territory
6%
Niigata
6%
Osaka
6%
Para
6%
Pohnpei
6%
Porto-Novo
6%
Rodrigues
6%
Roraima
6%
San Salvador
6%
Tarapaca
6%
Tocantins
6%
Toyama
6%
Vagharshapat
6%
Yangon Region
6%
Yogyakarta
6%
Yucatan
6%
Congo Free State
4%
Emperor of Japan
4%
Giza
4%
Johor
4%
Kathmandu
4%
Kedah
4%
Kelantan
4%
Kunamoto
4%
La Araucania
4%
Libreville
4%
Luxor
4%
Malacca
4%
Mato Grosso
4%
Mato Grosso do Sul
4%
Matrouh
4%
Negeri Sembilan
4%
O'Higgins
4%
Oita
4%
Okayama
4%
Orange Free State
4%
Pahang
4%
Peleliu
4%
Penang Island
4%
Pernambuco
4%
Rhodesia
4%
Rio de Janeiro
4%
San Jose (city)
4%
Santiago Metropolitan Region
4%
Sarawak
4%
Selangor
4%
Shizuoka
4%
South Sumatra
4%
Tokushima
4%
Tottori
4%
Tunis
4%
Twa People
4%
Wakayama
4%
West Sumatra
4%
Yamanashi
4%
Antananarivo
2%
Antarctic Vexillological Association
2%
Bunyoro
2%
Espirito Santo
2%
Federal District
2%
Goias
2%
Guatemala City
2%
Hatohobei
2%
Juba
2%
Maputo
2%
Maranhao
2%
Minas Gerais
2%
Paraiba
2%
Perak
2%
Piaui
2%
Qena
2%
Rio Grande do Norte
2%
Rondonia
2%
San Jose (province)
2%
Santa Catarina
2%
Santiago
2%
Sergipe
2%
Shiba
2%
Shimane
2%
South Sinai
2%
Tegucigalpa
2%
Tochigi
2%
Yamagata
2%
Airai
0%
Ankole
0%
Aswan
0%
Asyut
0%
Atacama
0%
Aysen
0%
Behira
0%
Beni Suef
0%
Bogota
0%
Busoga
0%
Caracas
0%
Catamarca Province
0%
Chaco Province
0%
Chiapas
0%
Chimbu
0%
Chubut Province
0%
Cocle
0%
Coquimbo
0%
Cordoba Province
0%
Corrientes Province
0%
Dakahlia
0%
Damietta
0%
Eastern Highlands
0%
East New Britain
0%
East Sepik
0%
Enga
0%
Entre Rios Province
0%
Faiyum
0%
Formosa Province
0%
Galmudug
0%
Garifuna People
0%
Gharbia
0%
Gulf
0%
Hela
0%
Imperial Colonial Office
0%
Ismalia
0%
Jiwaka
0%
Jubaland
0%
Jujuy Province
0%
Kafr el-Sheikh
0%
Kayangel
0%
Khatumo
0%
Koror
0%
Lakatoe
0%
La Pampa Province
0%
La Rioja
0%
Lima
0%
Los Lagos
0%
Los Rios
0%
Madang
0%
Majuro
0%
Majuro
0%
Malabo
0%
Manus
0%
Marrakesh Province
0%
Maya People
0%
Melekok
0%
Mendoza Province
0%
Milne Bay
0%
Minya
0%
Misiones Province
0%
Montserrado County
0%
Monufia
0%
Morobe
0%
Mpumalanga
0%
Nagasaki-ken
0%
Nairobi
0%
National Capital District
0%
Nauru Pacific Line
0%
Neuquen Province
0%
New Ireland
0%
New Valley
0%
Ngäbe-Buglé
0%
Ngaraad
0%
Ngarchelong
0%
Ngardmau
0%
Ngatpang
0%
Ngchesar
0%
Ngeremlengui
0%
Ngiwal
0%
North Caribbean Autonomous Region
0%
North Sinai
0%
Norwegian Antarctica (Queen Maud Land and Peter I Island)
0%
Ñuble
0%
Ogala Sioux
0%
Oro
0%
Patagonia
0%
Port Louis
0%
Port Said
0%
Pretoria
0%
Putrajayah
0%
Qalyubia
0%
Quito
0%
Rabat
0%
Red Sea
0%
Rio Grande
0%
Rio Negro Province
0%
Salta Province
0%
Sandaun
0%
San Juan Province
0%
San Luis Province
0%
Santa Cruz Province
0%
Santa Fe Province
0%
Santiago del Estero Province
0%
Sharqia
0%
Sidi Bennour
0%
Sohag
0%
Somali Region
0%
Sonora
0%
Sonsorol
0%
South Caribbean Autonomous Region
0%
Southern Highlands
0%
Stellaland
0%
Suez
0%
Tan Tan Province
0%
Tooro
0%
Transkei
0%
Tucuman Province
0%
Venda
0%
Veraguas
0%
Western Highlands
0%
Western Province
0%
West New Britain
0%
Yamaguchi-ken
0%
Zambezi
0%

Score Distribution

Percentile by Number Answered

Percent of People with Each Score

Your Score History

You have not taken this quiz